Normal view
MARC view
Entry Uniform Title
001 - CONTROL NUMBER
- control field: 48309
003 - CONTROL NUMBER IDENTIFIER
- control field: dpl
005 - DATE AND TIME OF LATEST TRANSACTION
- control field: 20120601145123.0
008 - FIXED-LENGTH DATA ELEMENTS
- fixed length control field: 120601|||a|||||| | ||| d
040 ## - CATALOGING SOURCE
- Original cataloging agency: dpl
- Transcribing agency: dpl
130 ## - HEADING--UNIFORM TITLE
- Uniform title: बच्चों और किशोरों के लिे
670 ## - SOURCE DATA FOUND
- Source citation: Work cat.: (dpl)63284: प्रेमचन्द 1393, विध्वंस /, 2011
670 ## - SOURCE DATA FOUND
- Source citation: Work cat.: (dpl)63284: प्रेमचन्द 1393, विध्वंस /, 2011
